| 000 | 00734nam a2200205Ii 4500 | ||
|---|---|---|---|
| 003 | JO-AjNU | ||
| 008 | 230605s9999||||xx |||||||||||||| ||und|| | ||
| 040 |
_aJO-AjNU _bara _erda _cJO-AjNU |
||
| 041 | _aara | ||
| 050 | 1 | 4 | _aUG1242.F5.J39 1996 |
| 100 | 3 |
_aاعداد جواد، نبيل, _eauthor _935370 |
|
| 245 | 0 | 0 | _aموسوعة الطائرات الحربية: طائرات فتالية-هجومية-تكتيك |
| 264 | 3 | 1 | _aدار الصداقة العربية، 1996 |
| 300 | _a182ص | ||
| 336 |
_atext _btxt _2rdacontent |
||
| 337 |
_aunmediated _bn _2rdamedia |
||
| 338 |
_avolume _bnc _2rdacarrier |
||
| 490 | 0 | _aسلسلة الاسلحة الحديثة | |
| 650 | 4 |
_aالطائرات الحربية -معاجم _935371 |
|
| 999 |
_aA14595 _c18163 _d18163 |
||